Regional Pikachu Variants - Statistics

General Stats
  • This quiz has been taken 9 times
  • The average score is 8 of 11
Answer Stats
Hint Answer % Correct
Gen 3 Minun
100%
Gen 8 Morpeko
100%
Gen 4 Pachirisu
100%
Gen 3 Plusle
100%
Gen 1 Raichu
100%
Gen 7 Mimikyu
86%
Gen 6 Dedenne
71%
Gen 7 Togedemaru
71%
Gen 5 Emolga
57%
Gen 8 Pawmi
43%
Outfit Pikachu Libre
14%
No matching quizzes found
Score Distribution
Percent of People with Each Score
Percentile by Number Answered
Your Score History
You have not taken this quiz